Catálogo

Desarrollo infantil / (Registro nro. 32427)

Detalles MARC
000 -LEADER
fixed length control field 01374cam a2200349 i 4500
001 - CONTROL NUMBER
control field 32427
003 - CONTROL NUMBER IDENTIFIER
control field Mx-PuUPA
005 - DATE AND TIME OF LATEST TRANSACTION
control field 20250610144131.0
008 - FIXED-LENGTH DATA ELEMENTS--GENERAL INFORMATION
fixed length control field 140415s2007 mx ad gr 000 0 spa d
020 ## - INTERNATIONAL STANDARD BOOK NUMBER
International Standard Book Number 9789701060599
020 ## - INTERNATIONAL STANDARD BOOK NUMBER
International Standard Book Number 9701060598
040 ## - CATALOGING SOURCE
Transcribing agency Mx-PuUPA
Original cataloging agency Mx-PuUPA
Language of cataloging spa
Modifying agency Mx-PuUPA
Description conventions rda
041 1# - LANGUAGE CODE
Language code of text/sound track or separate title spa
Language code of original eng
100 1# - MAIN ENTRY--PERSONAL NAME
Personal name Santrock, John W.,
Relator term autor
9 (RLIN) 15246
240 10 - UNIFORM TITLE
Uniform title Child development.
Language of a work Español
245 10 - TITLE STATEMENT
Title Desarrollo infantil /
Statement of responsibility, etc. John W. Santrock ; traducción, Leticia Esther Pineda Ayala
250 ## - EDITION STATEMENT
Edition statement Primera edición
264 #1 - PRODUCTION, PUBLICATION, DISTRIBUTION, MANUFACTURE, AND COPYRIGHT NOTICE
Place of production, publication, distribution, manufacture México, D.F. :
Name of producer, publisher, distributor, manufacturer McGraw-Hill/Interamericana Editores,
Date of production, publication, distribution, manufacture, or copyright notice ©2007
300 ## - PHYSICAL DESCRIPTION
Extent xxx, 583 páginas :
Other physical details ilustraciones, gráficas, diagramas, tablas ;
Dimensions 27 cm
336 ## - CONTENT TYPE
Fuente rdacontent
Content type term texto
Content type code txt
337 ## - MEDIA TYPE
Source rdamedia
Media type term sin medio
Media type code n
338 ## - CARRIER TYPE
Source rdacarrier
Carrier type term volumen
Carrier type code nc
650 #7 - SUBJECT ADDED ENTRY--TOPICAL TERM
Source of heading or term armarc
Topical term or geographic name entry element Psicología infantil
650 #7 - SUBJECT ADDED ENTRY--TOPICAL TERM
Source of heading or term armarc
Topical term or geographic name entry element Desarrollo infantil
650 #7 - SUBJECT ADDED ENTRY--TOPICAL TERM
Source of heading or term armarc
Topical term or geographic name entry element Estrés en niños
700 1# - ADDED ENTRY--PERSONAL NAME
Personal name Pineda Ayala, Leticia Esther,
Relator term traductor
765 0# - ORIGINAL LANGUAGE ENTRY
Main entry heading Santrock, John W.,
Edition Undécima edición
Place, publisher, and date of publication [Nueva York?] : McGraw-Hill/Interamericana Companies, 2007
Title Child develpment.
International Standard Book Number 9780072967433
-- 0072967439
942 ## - ADDED ENTRY ELEMENTS (KOHA)
Source of classification or shelving scheme Dewey Decimal Classification
Koha item type Libro
Classification part 155.4
Item part S5418
Existencias
Withdrawn status Lost status Source of classification or shelving scheme Damaged status Not for loan Collection code Home library Current library Shelving location Date acquired Source of acquisition Total Checkouts Full call number Barcode Date last seen Price effective from Koha item type
    Dewey Decimal Classification     General Biblioteca Karol Wojtyla Biblioteca Karol Wojtyla Sala general 03/12/2013 Donación   155.4 S5418 2007 46354 05/01/2026 03/12/2013 Libro